000 nam a22 7a 4500
999 _c8355
_d8355
008 180111b ||||| |||| 00| 0 eng d
100 _94769
_aJERATH .R
245 _aSELF MASTER OF PHYSICS-XII-VOL-II
260 _aNEW DELHI
_bS.DINESH
_c2014